Statistiken für Alle Minderheiten Griechenlands

Klicken Sie hier um das Quiz zu spielen!

Allgemein

  • Dieses Quiz wurde 58 mal gespielt
  • Das Durchschnittsergebnis liegt bei 10 aus 15

Antwortstatistiken

BevölkerungLand% Korrekt
12,500Türkei
96%
337,700Albanien
90%
25,700Deutschland
87%
40,900Bulgarien
85%
43,000Russland
85%
27,200Rumänien
77%
8,300Syrien
73%
10,700Vereinigtes Königreich
63%
10,900Zypern
63%
9,800Ägypten
62%
10,700Ukraine
62%
16,600Polen
54%
45,100Georgien
50%
18,000Pakistan
48%
8,400Bangladesch
27%

Verteilung der Resultate

Perzentil nach korrekt beantworteten Fragen

Anzahl Personen mit jedem Resultat

Ihre Resultats-Entwicklung

Sie haben dieses Quiz noch nicht gespielt